| 000 | 00790nam a2200265Ia 4500 | ||
|---|---|---|---|
| 003 | OSt | ||
| 005 | 20221005070108.0 | ||
| 006 | a|||||r|||| 00| 0 | ||
| 007 | ta | ||
| 008 | 221004b |||||||| |||| 00| 0 eng d | ||
| 020 |
_a8192110605 _cIndian Rupees 2800 |
||
| 024 | _a28509 | ||
| 037 |
_bGift, 14/02/2017, _cTextual |
||
| 040 |
_aCRL _cCRL _beng |
||
| 041 |
_2eng _aeng |
||
| 082 | _aY:1.23681, Q1 | ||
| 100 |
_aBalasubrahmanyan Suchitra Ed. _9605296 |
||
| 245 | 0 |
_aAhmedabad 600 _b portraits of a city |
|
| 260 |
_aMumbai _bRadhika India _c2011 |
||
| 300 |
_a156p. _ccm. |
||
| 650 |
_a AHMEDABAD - HISTORY _9605297 |
||
| 650 | _aSOCIOLOGY | ||
| 942 |
_hY:1.23681, Q1 _cTEXL _2cc |
||
| 999 |
_c975658 _d975658 |
||